<?xml version="1.0" encoding="UTF-8"?>
<record
    xmlns:xsi="http://www.w3.org/2001/XMLSchema-instance"
    xsi:schemaLocation="http://www.loc.gov/MARC21/slim http://www.loc.gov/standards/marcxml/schema/MARC21slim.xsd"
    xmlns="http://www.loc.gov/MARC21/slim">

  <leader>00858cam a2200265   4500</leader>
  <controlfield tag="001">43143</controlfield>
  <controlfield tag="003">BD-RjUL</controlfield>
  <controlfield tag="005">20211209053643.0</controlfield>
  <controlfield tag="008">160619s1969    enkabeh       000 0 eng  </controlfield>
  <datafield tag="035" ind1=" " ind2=" ">
    <subfield code="a">(BD-RjUL)43261</subfield>
  </datafield>
  <datafield tag="040" ind1=" " ind2=" ">
    <subfield code="a">DLC</subfield>
    <subfield code="c">DLC</subfield>
    <subfield code="d">DLC</subfield>
    <subfield code="b">eng</subfield>
  </datafield>
  <datafield tag="041" ind1=" " ind2=" ">
    <subfield code="a">eng</subfield>
  </datafield>
  <datafield tag="082" ind1="0" ind2="0">
    <subfield code="a">301.5094274</subfield>
    <subfield code="b">HUI 1969 </subfield>
  </datafield>
  <datafield tag="100" ind1="1" ind2=" ">
    <subfield code="a">Humpjhreys, M. E. Beggs</subfield>
    <subfield code="9">132483</subfield>
  </datafield>
  <datafield tag="245" ind1="1" ind2="2">
    <subfield code="a">The Industrial Revolution, 1760-1860 / </subfield>
    <subfield code="c">M. E. Beggs Humpjhreys</subfield>
  </datafield>
  <datafield tag="260" ind1=" " ind2=" ">
    <subfield code="a">Harlow :</subfield>
    <subfield code="b">Longmans,</subfield>
    <subfield code="c">1969.</subfield>
  </datafield>
  <datafield tag="300" ind1=" " ind2=" ">
    <subfield code="a">48 p. :</subfield>
    <subfield code="b">ill. ; </subfield>
    <subfield code="c">18 cm.</subfield>
  </datafield>
  <datafield tag="350" ind1=" " ind2=" ">
    <subfield code="a">5/- (non-net)</subfield>
  </datafield>
  <datafield tag="490" ind1="0" ind2=" ">
    <subfield code="a">Then and there series</subfield>
  </datafield>
  <datafield tag="650" ind1=" " ind2="0">
    <subfield code="a">Iron industry and trade</subfield>
    <subfield code="z">England</subfield>
    <subfield code="z">Yorkshire</subfield>
    <subfield code="x">History.</subfield>
    <subfield code="9">132484</subfield>
  </datafield>
  <datafield tag="650" ind1=" " ind2="0">
    <subfield code="a">Coal mines and mining</subfield>
    <subfield code="z">England</subfield>
    <subfield code="z">Yorkshire</subfield>
    <subfield code="x">History.</subfield>
    <subfield code="9">132485</subfield>
  </datafield>
  <datafield tag="650" ind1=" " ind2="0">
    <subfield code="a">Industrial revolution</subfield>
    <subfield code="z">England</subfield>
    <subfield code="z">Yorkshire.</subfield>
    <subfield code="9">132486</subfield>
  </datafield>
  <datafield tag="942" ind1=" " ind2=" ">
    <subfield code="2">ddc</subfield>
    <subfield code="c">BK</subfield>
  </datafield>
  <datafield tag="999" ind1=" " ind2=" ">
    <subfield code="c">43143</subfield>
    <subfield code="d">43143</subfield>
  </datafield>
  <datafield tag="952" ind1=" " ind2=" ">
    <subfield code="0">0</subfield>
    <subfield code="1">0</subfield>
    <subfield code="2">ddc</subfield>
    <subfield code="4">0</subfield>
    <subfield code="7">0</subfield>
    <subfield code="8">NFIC</subfield>
    <subfield code="a">RUCL</subfield>
    <subfield code="b">RUCL</subfield>
    <subfield code="c">Stack</subfield>
    <subfield code="d">1989-08-24</subfield>
    <subfield code="e">Zeithlinger</subfield>
    <subfield code="g">8.90</subfield>
    <subfield code="l">0</subfield>
    <subfield code="o">301.5094274 HUI 1969 </subfield>
    <subfield code="r">2016-06-19 00:00:00</subfield>
    <subfield code="t">C-2</subfield>
    <subfield code="w">2016-06-19</subfield>
    <subfield code="y">BK</subfield>
  </datafield>
  <datafield tag="952" ind1=" " ind2=" ">
    <subfield code="0">0</subfield>
    <subfield code="1">0</subfield>
    <subfield code="2">ddc</subfield>
    <subfield code="4">0</subfield>
    <subfield code="7">0</subfield>
    <subfield code="8">NFIC</subfield>
    <subfield code="a">RUCL</subfield>
    <subfield code="b">RUCL</subfield>
    <subfield code="c">Stack</subfield>
    <subfield code="d">1989-08-24</subfield>
    <subfield code="e">Zeithlinger</subfield>
    <subfield code="g">8.90</subfield>
    <subfield code="l">0</subfield>
    <subfield code="o">301.5094274 HUI 1969</subfield>
    <subfield code="r">2016-06-20 00:00:00</subfield>
    <subfield code="t">C-3</subfield>
    <subfield code="w">2016-06-20</subfield>
    <subfield code="y">BK</subfield>
  </datafield>
  <datafield tag="952" ind1=" " ind2=" ">
    <subfield code="0">0</subfield>
    <subfield code="1">0</subfield>
    <subfield code="2">ddc</subfield>
    <subfield code="4">0</subfield>
    <subfield code="7">0</subfield>
    <subfield code="8">NFIC</subfield>
    <subfield code="a">RUCL</subfield>
    <subfield code="b">RUCL</subfield>
    <subfield code="c">Stack</subfield>
    <subfield code="d">1989-08-24</subfield>
    <subfield code="e">Zeithlinger</subfield>
    <subfield code="g">8.90</subfield>
    <subfield code="l">1</subfield>
    <subfield code="o">301.5094274 HUI 1969</subfield>
    <subfield code="r">2019-07-30 00:00:00</subfield>
    <subfield code="s">2019-07-28</subfield>
    <subfield code="t">C-4</subfield>
    <subfield code="w">2016-06-20</subfield>
    <subfield code="y">BK</subfield>
  </datafield>
  <datafield tag="952" ind1=" " ind2=" ">
    <subfield code="0">0</subfield>
    <subfield code="1">0</subfield>
    <subfield code="2">ddc</subfield>
    <subfield code="4">0</subfield>
    <subfield code="7">0</subfield>
    <subfield code="8">NFIC</subfield>
    <subfield code="a">RUCL</subfield>
    <subfield code="b">RUCL</subfield>
    <subfield code="c">Stack</subfield>
    <subfield code="d">1989-08-24</subfield>
    <subfield code="e">Zeithlinger</subfield>
    <subfield code="g">8.90</subfield>
    <subfield code="l">0</subfield>
    <subfield code="o">301.5094274 HUI 1969</subfield>
    <subfield code="r">2016-06-20 00:00:00</subfield>
    <subfield code="t">C-5</subfield>
    <subfield code="w">2016-06-20</subfield>
    <subfield code="y">BK</subfield>
  </datafield>
  <datafield tag="952" ind1=" " ind2=" ">
    <subfield code="0">0</subfield>
    <subfield code="1">0</subfield>
    <subfield code="2">ddc</subfield>
    <subfield code="4">0</subfield>
    <subfield code="7">0</subfield>
    <subfield code="8">NFIC</subfield>
    <subfield code="a">RUCL</subfield>
    <subfield code="b">RUCL</subfield>
    <subfield code="c">Stack</subfield>
    <subfield code="d">1989-08-24</subfield>
    <subfield code="e">Zeithlinger</subfield>
    <subfield code="g">8.90</subfield>
    <subfield code="l">0</subfield>
    <subfield code="o">301.5094274 HUI 1969</subfield>
    <subfield code="r">2016-06-20 00:00:00</subfield>
    <subfield code="t">C-6</subfield>
    <subfield code="w">2016-06-20</subfield>
    <subfield code="y">BK</subfield>
  </datafield>
</record>
